| 000 | 01525cam a2200361Ia 4500 | ||
|---|---|---|---|
| 001 | lladrcollectio00john | ||
| 003 | CaSfIA | ||
| 005 | 20210118165035.0 | ||
| 007 | cr|||| | ||
| 008 | 970107s1996 maua 001 0 eng d | ||
| 010 | _a 96076536 | ||
| 040 |
_aJED _cJED _dVPL _dCaSfIA |
||
| 020 | _c$19.95 | ||
| 035 | _a(OCoLC)36169587 | ||
| 092 |
_a738.20946 _bJ67l 1996 |
||
| 100 | 1 | _aJohnson, Glenn S. | |
| 245 | 1 | 4 |
_aThe Lladró collection reference guide / _h[electronic resource] _cby Glenn S. Johnson. |
| 246 | 1 | 4 | _aOfficial Lladró collection reference guide |
| 250 | _a1st ed. | ||
| 260 |
_aAyer, MA : _bClear Communications, _cc1996. |
||
| 300 |
_axxxviii, 618 p. : _bill. ; _c22 cm. |
||
| 500 | _aIncludes indexes. | ||
| 650 | 0 |
_aPorcelain, Spanish _xCollectors and collecting. |
|
| 650 | 0 |
_aLladró figurines _vCatalogs. |
|
| 650 | 0 |
_aLladró figurines _xPrices. |
|
| 650 | 0 |
_aPorcelain, Spanish _vCatalogs. |
|
| 610 | 2 | 0 | _aLladró, S.A. |
| 856 | 4 | 1 |
_uhttp://www.archive.org/details/lladrcollectio00john _zFree eBook from the Internet Archive |
| 856 | 4 | 2 |
_uhttp://www.openlibrary.org/books/OL24374583M _zAdditional information and access via Open Library |
| 942 | _cEB | ||
| 506 | _fНеобхідна авторизація на https://archive.org/ (створення облікового запису безкоштовно) | ||
| 506 | _fНеобхідна авторизація на https://openlibrary.org/ (створення облікового запису безкоштовно) | ||
| 999 |
_c520066 _d520066 |
||